00389nmm a22001337a 450000500170000000800410001704100080005808200110006610000320007724500940010926000090020365000150021265000280022720220620082637.0150728b xxu||||| |||| 00| 0 spa d aspa aMD 217 aAzofeifa Jiménez, Claudia aInforme de Práctica Supervisada realizado en el Laboratorio Dental Villalobos Sánchez c2014 aCOSTA RICA aPRÓTESIS PARTIAL FLEX